| 000 | 00551nam a22001697a 4500 | ||
|---|---|---|---|
| 999 |
_c9112 _d9112 |
||
| 008 | 210323b ||||| |||| 00| 0 eng d | ||
| 040 | _aBMS College of Architecture | ||
| 100 | _aB, P, Thashmaie | ||
| 245 | _aCentre for international research in human unity - Auroville | ||
| 300 | _a143p. | ||
| 500 | _a1BM06AT044 | ||
| 502 |
_8B.Arch _NBMS College of Architecture, Visvesvaraya Technological University _aProject report _d2011 |
||
| 650 | _aAuroville | ||
| 700 |
_aSindhu Srikanth _eGuide |
||
| 700 |
_aK R Madhu Chand _eGuide |
||
| 942 |
_2ddc _cTHE |
||